The Roman Impact on the Economy of the Lower Germanic Limes Region / (Record no. 49391)

MARC details
000 -LEADER
fixed length control field 03080nam a22004578i 4500
001 - ACCESSION NUMBER
control field BRILL9789004682214
003 - CONTROL NUMBER IDENTIFIER
control field nllekb
005 - DATE AND TIME OF LATEST TRANSACTION
control field 20260415154914.0
006 - FIXED-LENGTH DATA ELEMENTS--ADDITIONAL MATERIAL CHARACTERISTICS--GENERAL INFORMATION
fixed length control field m d
007 - PHYSICAL DESCRIPTION FIXED FIELD--GENERAL INFORMATION
fixed length control field cr un uuuua
008 - FIXED-LENGTH DATA ELEMENTS--GENERAL INFORMATION
fixed length control field 231123s2024 gw sb 001 0 eng d
010 ## - LIBRARY OF CONGRESS CONTROL NUMBER
LC control number 2023034017
020 ## - INTERNATIONAL STANDARD BOOK NUMBER
International Standard Book Number 9789004682214
Qualifying information (electronic book)
020 ## - INTERNATIONAL STANDARD BOOK NUMBER
Cancelled/invalid ISBN 9789004682207
Qualifying information (print)
024 7# - OTHER STANDARD IDENTIFIER
Standard number or code 110.1163/9789004682214
Source of number or code DOI
035 ## - SYSTEM CONTROL NUMBER
Canceled/invalid control number (OCoLC)1399562548
040 ## - CATALOGING SOURCE
Original cataloging agency NL-LeKB
Transcribing agency NL-LeKB
Description conventions rda
041 ## - LANGUAGE CODE
Language code of text/sound track or separate title eng
050 #4 - LIBRARY OF CONGRESS CALL NUMBER
Classification number HD82
072 #7 - SUBJECT CATEGORY CODE
Subject category code HBLA1
Source bicssc
072 #7 - SUBJECT CATEGORY CODE
Subject category code HIS
Subject category code subdivision 002000
Source bisacsh
072 #7 - SUBJECT CATEGORY CODE
Subject category code HIS
Subject category code subdivision 039000
Source bisacsh
082 04 - DEWEY DECIMAL CLASSIFICATION NUMBER
Classification number 330.9369202
Edition number 23
100 1# - MAIN ENTRY--PERSONAL NAME
Personal name Timmerman, Erik,
Relator term author.
245 14 - TITLE STATEMENT
Title The Roman Impact on the Economy of the Lower Germanic Limes Region /
Statement of responsibility, etc Erik Timmerman.
300 ## - PHYSICAL DESCRIPTION
Extent 1 online resource (332 pages) :
Other physical details illustrations.
490 1# - SERIES STATEMENT
Series statement Classical Studies E-Books Online, Collection 2024
490 1# - SERIES STATEMENT
Series statement Impact of Empire ;
Volume number/sequential designation 48
504 ## - BIBLIOGRAPHY, ETC. NOTE
Bibliography, etc Includes bibliographical references and index.
505 0# - FORMATTED CONTENTS NOTE
Title Front Matter -- Preliminary Material /
Statement of responsibility Erik Timmerman -- Copyright Page /
-- Erik Timmerman -- Dedication /
-- Erik Timmerman -- Acknowledgements /
-- Erik Timmerman -- Figures and Tables /
-- Erik Timmerman -- Chapter 1 Introduction /
-- Erik Timmerman -- Chapter 2 Setting the Stage /
-- Erik Timmerman -- Chapter 3 The Roman Impact /
-- Erik Timmerman -- Chapter 4 Agricultural Production /
-- Erik Timmerman -- Chapter 5 Non-agricultural Production /
-- Erik Timmerman -- Chapter 6 Trade /
-- Erik Timmerman -- Chapter 7 Living Standards /
-- Erik Timmerman -- Chapter 8 Final Conclusions /
-- Erik Timmerman -- Back Matter -- Appendix 1 /
-- Erik Timmerman -- Appendix 2 /
-- Erik Timmerman -- Appendix 3 /
-- Erik Timmerman -- Sources and Bibliography /
-- Erik Timmerman -- Index of Geographical Names /
-- Erik Timmerman -- Index of Subjects /
-- Erik Timmerman.
520 ## - SUMMARY, ETC.
Summary, etc The remarkable economic performance of the Roman Empire is now widely acknowledged. Yet there is still much debate about its interpretation. Although this debate is mainly conducted at the empire-wide level, regional syntheses are indispensable to its further advancement. This book contributes to that purpose by providing a comprehensive account of the Roman impact on the economy of the Lower Germanic Limes region. By drawing on a large number of scattered publications and (archaeological) datasets, the work demonstrates that Roman rule also led to important economic developments in a part of the empire that was remote from its Mediterranean heartland.
546 ## - LANGUAGE NOTE
Language note English
650 #0 - SUBJECT ADDED ENTRY--TOPICAL TERM
Topical term or geographic name as entry element Economic development
Geographic subdivision Rome.
651 #0 - SUBJECT ADDED ENTRY--GEOGRAPHIC NAME
Geographic name Netherlands
General subdivision Economic conditions.
651 #0 - SUBJECT ADDED ENTRY--GEOGRAPHIC NAME
Geographic name Rome
General subdivision Economic conditions.
776 08 - ADDITIONAL PHYSICAL FORM ENTRY
Display text Print version:
Title The Roman Impact on the Economy of the Lower Germanic Limes Region.
Place, publisher, and date of publication Leiden ; Boston : Brill, 2024.
International Standard Book Number 9789004682207
Record control number (DLC) 2023034016
830 #0 - SERIES ADDED ENTRY--UNIFORM TITLE
Uniform title Classical Studies E-Books Online, Collection 2024.
830 #0 - SERIES ADDED ENTRY--UNIFORM TITLE
Uniform title Impact of Empire ;
Volume number/sequential designation 48.
856 4# - ELECTRONIC LOCATION AND ACCESS
Uniform Resource Identifier <a href="http://dx.doi.org/10.1163/9789004682214">http://dx.doi.org/10.1163/9789004682214</a>
942 ## - ADDED ENTRY ELEMENTS (KOHA)
Source of classification or shelving scheme Dewey Decimal Classification
Koha item type Electronic Books
Holdings
Date last seen Total Checkouts Full call number Barcode Uniform Resource Identifier Price effective from Koha item type Lost status Source of classification or shelving scheme Damaged status Not for loan Withdrawn status Home library Current library Date acquired
15/04/2026   330.9369202 EB04580 https://doi.org/10.1163/9789004682214 15/04/2026 Electronic Books   Dewey Decimal Classification       CUTN Central Library CUTN Central Library 15/04/2026